000 01570cam a2200409 i 4500
999 _c23135
_d23135
001 18301196
003 OSt
005 20200226150559.0
008 140819s2014 ii b 001 0 eng d
010 _a 2014356996
020 _a9788175417557
020 _a8175417552
025 _aI-E-2014-356996; 10-91; 70-91
035 _a(OCoLC)ocn889659240
035 _a(OCoLC)889659240
037 _aLibrary of Congress -- New Delhi Overseas Office
040 _aDKAGE
_beng
_erda
_cDKAGE
_dDLC
042 _alccopycat
_alcode
043 _aa-ii---
050 0 0 _aHQ1170
_b.K87 2014
082 0 4 _a305.48697095483
_223
_bKUR/M
100 _aKurup, K K N
_d1939-
_eauthor.
_91879
245 1 0 _aMuslim women in Kerala :
_btradition vs. modernity /
_cK.K.N. Kurup, E. Ismail.
264 1 _aKolkata :
_bMaulana Abul Kalam Azad Institute of Asian Studies ;
_aDelhi :
_bShipra Publications,
_c2014.
300 _axx, 216 p. ;
_c23 cm
336 _atext
_btxt
_2rdacontent
337 _aunmediated
_bn
_2rdamedia
338 _avolume
_bnc
_2rdacarrier
504 _aIncludes bibliographical references (pages 207-211) and index.
650 0 _aMuslim women
_zIndia
_zKerala
_xSocial conditions.
650 0 _aSocial change
_zIndia
_zKerala.
700 1 _aIsmail, E.
_eauthor.
_92050
710 2 _aMaulana Abul Kalam Azad Institute of Asian Studies (Kolkata, India)
_92051
906 _a7
_bcbc
_ccopycat
_d3
_encip
_f20
_gy-gencatlg
942 _2ddc
_cBK
_h305.486970955483
_iKUR/M
_k305.486970955483
_mKUR/M